00323nam a22001097a 4500008004100000040005500041080001400096245002700110260005200137300001300189650001100202230605b |||||||| |||| 00| 0 eng d aNational Science LibrarycNational Science Library a616-006.6 aScientific report 1998 aPhiladelphia: bFox chase cancer center, c1998 ax, 396p. aReport